[Event "Elit(Vasteras-Manhem)"]
[Site "?"]
[Date "2013.03.16"]
[Round "8"]
[White "Nithander, Victor"]
[Black "Eriksson, Anders"]
[Result "1-0"]
[WhiteElo "2532"]
[BlackElo "2340"]
[PlyCount "47"]
[SourceDate "2013.04.01"]

1. c4 Nf6 2. g3 c5 3. Bg2 g6 4. e4 Nc6 5. Ne2 Bg7 6. Nbc3 O-O 7. d3 d6 8. O-O
a6 9. h3 Rb8 10. a4 Ne8 11. Be3 Nc7 12. d4 cxd4 13. Nxd4 Nxd4 14. Bxd4 Bxd4 15.
Qxd4 a5 16. Rad1 Ne6 17. Qe3 f6 18. f4 Nc5 19. e5 fxe5 20. fxe5 Be6 21. Bd5
Rxf1+ 22. Rxf1 Qd7 23. exd6 Qxd6 24. Nb5 1-0

[Event "Elit(Vasteras-Manhem)"]
[Site "?"]
[Date "2013.03.16"]
[Round "8"]
[White "Akesson, Ralf"]
[Black "Olausson, Claes-Goran"]
[Result "1/2-1/2"]
[WhiteElo "2490"]
[BlackElo "2377"]
[PlyCount "49"]

1. d4 d5 2. Nf3 Nf6 3. c4 c6 4. e3 a6 5. b3 Bg4 6. Bd3 Nbd7 7. Bb2 e6 8. Nbd2
Bd6 9. Qc2 Qc7 10. c5 Be7 11. b4 Bh5 12. O-O Bg6 13. h3 O-O 14. a3 Bxd3 15.
Qxd3 a5 16. Bc3 axb4 17. axb4 b6 18. Qc2 Qb7 19. Rfb1 Rxa1 20. Rxa1 Ra8 21. Ra4
Ne8 22. Qa2 Rxa4 23. Qxa4 Nc7 24. Nb3 Nb5 25. Bb2 1/2-1/2

[Event "Elit(Vasteras-Manhem)"]
[Site "?"]
[Date "2013.03.16"]
[Round "8"]
[White "Moberg, Karl Johan"]
[Black "Norberg, Johan"]
[Result "1/2-1/2"]
[WhiteElo "2348"]
[BlackElo "2336"]
[PlyCount "88"]
[EventDate "2013.??.??"]

1. d4 d6 2. c4 e5 3. d5 g6 4. e4 Bg7 5. Nc3 Nd7 6. Bd3 Ne7 7. h4 Nf6 8. Be2 c6
9. g4 cxd5 10. cxd5 h6 11. Be3 Qa5 12. f3 Bd7 13. Qd2 a6 14. a3 Qd8 15. Nh3
Nfg8 16. a4 f5 17. gxf5 gxf5 18. a5 Nc8 19. f4 Nf6 20. fxe5 dxe5 21. exf5 Nd6
22. Nf2 Bxf5 23. Rg1 Qd7 24. Bc5 Bf8 25. b4 Qf7 26. Qe3 Nd7 27. Nfe4 Nxe4 28.
Nxe4 Qxd5 29. Bh5+ Kd8 30. Bb6+ Ke7 31. Bc5+ Nxc5 32. Nxc5 Qd4 33. Qxd4 exd4
34. O-O-O Kf6 35. Rxd4 Bxc5 36. bxc5 Rhd8 37. Rc4 Rac8 38. Bf3 Rc7 39. Rd1
Rxd1+ 40. Kxd1 Be6 41. Rf4+ Ke5 42. Re4+ Kf5 43. Rb4 Rxc5 44. Bg4+ Ke5 1/2-1/2

[Event "Elit(Vasteras-Manhem)"]
[Site "?"]
[Date "2013.03.16"]
[Round "8"]
[White "Sjodahl, Pontus"]
[Black "Akesson, Joel"]
[Result "1/2-1/2"]
[WhiteElo "2474"]
[BlackElo "2348"]
[PlyCount "45"]

1. d4 e6 2. c4 Nf6 3. Nc3 Bb4 4. e3 b6 5. Nge2 Ne4 6. Bd2 Nxd2 7. Qxd2 O-O 8.
a3 Be7 9. d5 e5 10. g3 d6 11. Bg2 Nd7 12. O-O f5 13. f4 Bf6 14. Rae1 a5 15. Qc2
e4 16. Rb1 Ba6 17. Rfd1 Bxc4 18. Nxe4 Bxe2 19. Nxf6+ Qxf6 20. Qxe2 a4 21. Qc4
Nc5 22. Qd4 Rae8 23. Qxf6 1/2-1/2

[Event "Elit(Vasteras-Manhem)"]
[Site "?"]
[Date "2013.03.16"]
[Round "8"]
[White "Welin, Mats"]
[Black "Janse, Rasmus"]
[Result "1/2-1/2"]
[WhiteElo "2346"]
[BlackElo "2284"]
[PlyCount "63"]

1. e4 e6 2. d4 d5 3. Nc3 Bb4 4. e5 c5 5. a3 Bxc3+ 6. bxc3 Ne7 7. Qg4 O-O 8. Bd3
Nbc6 9. Qh5 Ng6 10. Nf3 Qc7 11. Be3 c4 12. Bxg6 fxg6 13. Qg4 Bd7 14. h4 Rf5 15.
Ng1 Qb6 16. Ne2 Qb2 17. Kd2 Na5 18. Rhb1 Nb3+ 19. Kd1 Qxa1 20. Rxa1 Nxa1 21.
Kc1 Ba4 22. Ng3 Nxc2 23. Nxf5 gxf5 24. Qg5 Nxe3 25. fxe3 Re8 26. h5 h6 27. Qh4
Bc6 28. Qf2 Re7 29. Qh4 Re8 30. Kd2 a5 31. Qe1 b5 32. Qh4 1/2-1/2

[Event "Elit(Vasteras-Manhem)"]
[Site "?"]
[Date "2013.03.16"]
[Round "8"]
[White "Nilsson, Andre"]
[Black "Hultin, Johan"]
[Result "0-1"]
[WhiteElo "2300"]
[BlackElo "2345"]
[PlyCount "106"]

1. g3 d5 2. Bg2 Nf6 3. Nf3 c6 4. O-O Bg4 5. d3 Nbd7 6. c4 dxc4 7. dxc4 e5 8. b3
Qc7 9. Bb2 Bc5 10. Nc3 O-O 11. Qc2 Rfe8 12. Nd2 Bh5 13. Nde4 Bg6 14. e3 Bf8 15.
Nxf6+ Nxf6 16. e4 Nd7 17. Na4 Nc5 18. Nxc5 Bxc5 19. Bf3 a5 20. a4 Rad8 21. Rad1
f6 22. Rxd8 Rxd8 23. Rd1 b6 24. Rxd8+ Qxd8 25. Be2 Qd6 26. Kg2 Kf8 27. Bd3 Bd4
28. Bc1 Bh5 29. Be2 Bg6 30. Bg4 Bf7 31. h4 h5 32. Be2 Qb4 33. Bd2 Qa3 34. Qd1
g6 35. g4 hxg4 36. Bxg4 Ke7 37. Bh3 Qb2 38. Be1 Qa3 39. Qf3 Qc1 40. Qe2 Qb1 41.
Bd2 Qb2 42. Qd3 Be8 43. Bg4 Kd6 44. c5+ bxc5 45. Qc4 f5 46. exf5 Qxd2 47. Qe6+
Kc7 48. Qxe8 Qxf2+ 49. Kh3 Qf1+ 50. Kg3 Bf2+ 51. Kf3 Bxh4+ 52. Ke4 Qf4+ 53. Kd3
Qxg4 0-1

[Event "Elit(Vasteras-Manhem)"]
[Site "?"]
[Date "2013.03.16"]
[Round "8"]
[White "Kinnmark, Ove"]
[Black "Brustkern, Jurgen"]
[Result "0-1"]
[WhiteElo "2252"]
[BlackElo "2270"]
[PlyCount "122"]

1. e4 g6 2. d4 Bg7 3. c3 d6 4. f4 Nf6 5. e5 Nd5 6. Bd3 O-O 7. Nf3 c5 8. Be4 Nb6
9. dxc5 dxc5 10. O-O Nc6 11. Qe2 Be6 12. Na3 Qc8 13. Qf2 Rb8 14. Be3 Nd5 15.
Bxd5 Bxd5 16. Bxc5 Bxf3 17. gxf3 f6 18. exf6 Rxf6 19. Rae1 b6 20. Be3 Qb7 21.
Nc4 Rbf8 22. Nd2 Bh6 23. Ne4 R6f7 24. Qg3 Rf5 25. b4 Qa6 26. Qh3 Qxa2 27. Ng3
Bg7 28. Nxf5 Rxf5 29. b5 Nd8 30. Ra1 Qe6 31. Kf2 Bxc3 32. Rxa7 Qd6 33. Kg2 Ne6
34. Qh4 Bf6 35. Qf2 Rxb5 36. Rc1 Nxf4+ 37. Kh1 Nd5 38. Ra8+ Kg7 39. Bd4 Qf4 40.
Bxf6+ exf6 41. Ra7+ Kh6 42. Rd1 Ne3 43. Re1 Nf5 44. Rf1 Rb3 45. Qg2 b5 46. Rf7
Nh4 47. Qg4 Rb4 48. Rxf6 Qxg4 49. fxg4 Kg5 50. Rf7 h6 51. h3 Rb3 52. Kh2 b4 53.
Rb7 Nf3+ 54. Kg2 Nd4 55. Rf2 Kh4 56. Rh7 Rg3+ 57. Kf1 Kg5 58. Rd7 Nf3 59. Rb7
b3 60. Rxb3 Rg1+ 61. Ke2 Nd4+ 0-1

[Event "Elit(Vasteras-Manhem)"]
[Site "?"]
[Date "2013.03.16"]
[Round "8"]
[White "Norberg, Erik"]
[Black "Landgren, Philip"]
[Result "1-0"]
[WhiteElo "2231"]
[BlackElo "2344"]
[PlyCount "111"]

1. g3 d5 2. Bg2 Nf6 3. Nf3 c6 4. b3 Bg4 5. Bb2 Nbd7 6. O-O e6 7. c4 Bd6 8. d4
O-O 9. Nbd2 Qe7 10. h3 Bh5 11. Ne5 Ba3 12. Bxa3 Qxa3 13. g4 Bg6 14. Nxg6 hxg6
15. e3 Rad8 16. g5 Ne8 17. h4 Nd6 18. h5 gxh5 19. Qxh5 g6 20. Qh2 Nf5 21. Bh3
Qe7 22. Qf4 f6 23. Bxf5 fxg5 24. Bxe6+ Qxe6 25. Qxg5 Rde8 26. Rae1 Rf5 27. Qg3
Kg7 28. e4 Rh5 29. exd5 Qxe1 30. Rxe1 Rxe1+ 31. Kg2 cxd5 32. Nf3 Re7 33. Nh4
Nf8 34. c5 Re4 35. Qc7+ Kg8 36. Nf3 Rf5 37. Qxb7 Ref4 38. Ne5 Rxf2+ 39. Kg3 Nh7
40. Qxd5+ Kg7 41. Qd7+ Kg8 42. Qe6+ Kh8 43. c6 Nf6 44. Qxf5 Rxf5 45. c7 Ne4+
46. Kg4 Nd6 47. c8=Q+ Nxc8 48. Nxg6+ Kg7 49. Kxf5 Nd6+ 50. Ke6 Nb5 51. d5 Kxg6
52. d6 Nd4+ 53. Kd5 Nf5 54. d7 Ne7+ 55. Kd6 Nf5+ 56. Kc7 1-0

[Event "Elit(Orgryte-Rockaden,Umea)"]
[Site "?"]
[Date "2013.03.16"]
[Round "8"]
[White "Wickstrom, Lucas"]
[Black "Tukhaev, Adam"]
[Result "0-1"]
[WhiteElo "2392"]
[BlackElo "2619"]
[PlyCount "92"]

1. d4 Nf6 2. c4 e6 3. Nf3 Bb4+ 4. Nbd2 O-O 5. a3 Be7 6. b4 a5 7. b5 b6 8. e4 d6
9. Bb2 Nbd7 10. Qc2 Bb7 11. e5 Nh5 12. Bd3 g6 13. Be4 d5 14. cxd5 exd5 15. Bd3
Nf4 16. O-O Rc8 17. Rfc1 c5 18. bxc6 Rxc6 19. Qb1 Rxc1+ 20. Bxc1 Nxd3 21. Qxd3
Qc7 22. Nf1 Qc4 23. Qe3 Qc6 24. Bd2 Rc8 25. h4 Nf8 26. Rb1 Ba6 27. N1h2 Qe6 28.
Ng5 Bxg5 29. Qxg5 h5 30. Qh6 Be2 31. Qe3 Bg4 32. Nxg4 Qxg4 33. Rxb6 Ne6 34. f3
Qxh4 35. Be1 Qxd4 36. Qxd4 Nxd4 37. Bxa5 Rc1+ 38. Kh2 Rc2 39. Kh3 Ne6 40. Rb8+
Kh7 41. Bd8 g5 42. g3 f5 43. exf6 g4+ 44. fxg4 Ng5+ 45. Kh4 Nf3+ 46. Kxh5 Rh2#
0-1

[Event "Elit(Orgryte-Rockaden,Umea)"]
[Site "?"]
[Date "2013.03.16"]
[Round "8"]
[White "Ziegler, Ari"]
[Black "Forsberg, Viktor"]
[Result "0-1"]
[WhiteElo "2436"]
[BlackElo "2320"]
[PlyCount "46"]

1. e4 e5 2. Nf3 Nc6 3. Bc4 Nf6 4. Ng5 d5 5. exd5 Na5 6. Bb5+ c6 7. dxc6 bxc6 8.
Qf3 Be7 9. Bxc6+ Nxc6 10. Qxc6+ Bd7 11. Qc4 O-O 12. Nc3 Rc8 13. Qe2 Ng4 14. Nh3
Nh6 15. O-O Nf5 16. Nd5 Nd4 17. Qxe5 Bc5 18. b4 Re8 19. Qh5 Bxh3 20. bxc5 Ne2+
21. Kh1 Bxg2+ 22. Kxg2 Rxc5 23. c4 Rxd5 0-1

[Event "Elit(Orgryte-Rockaden,Umea)"]
[Site "?"]
[Date "2013.03.16"]
[Round "8"]
[White "Eriksson, Jorgen"]
[Black "Kumar, Rahul"]
[Result "0-1"]
[WhiteElo "2263"]
[BlackElo "2285"]
[PlyCount "82"]

1. d4 d5 2. Nf3 c6 3. c4 Nf6 4. e3 e6 5. Nbd2 Qa5 6. Be2 dxc4 7. Bxc4 b5 8. Be2
Nbd7 9. O-O Bb7 10. a4 a6 11. Nb3 Qb6 12. Bd2 Rc8 13. Ba5 Qa7 14. Be1 Qb8 15.
Rc1 Be7 16. Nc5 Nxc5 17. dxc5 O-O 18. Ba5 e5 19. Qc2 Rce8 20. Rfd1 Bc8 21. Ng5
h6 22. Ne4 Nxe4 23. Qxe4 Qb7 24. Qxe5 bxa4 25. Qd4 Be6 26. Bb6 Bb3 27. Qd7 Qa8
28. Rd2 Bf6 29. Qf5 Re5 30. Qf4 Qc8 31. Bg4 Qb8 32. Bd1 Bg5 33. Qd4 Bd5 34.
Qxa4 Rxe3 35. fxe3 Bxe3+ 36. Rf2 Bxc1 37. Re2 Re8 38. Qxa6 Be3+ 39. Kh1 Qf4 40.
Re1 Qf2 41. Qf1 Bxg2+ 0-1

[Event "Elit(Orgryte-Rockaden,Umea)"]
[Site "?"]
[Date "2013.03.16"]
[Round "8"]
[White "Arnelind, Mikael"]
[Black "Nygren, David"]
[Result "1-0"]
[WhiteElo "2231"]
[BlackElo "2229"]
[PlyCount "105"]

1. d4 Nf6 2. c4 e6 3. Nc3 c5 4. d5 exd5 5. cxd5 d6 6. e4 g6 7. f4 Bg7 8. Bb5+
Nfd7 9. Be2 a6 10. a4 Qh4+ 11. g3 Qd8 12. Nf3 O-O 13. O-O Nf6 14. a5 Re8 15. e5
dxe5 16. fxe5 Ng4 17. Bg5 f6 18. exf6 Bxf6 19. Qd2 Bxg5 20. Qxg5 Ne3 21. Rfc1
Qxg5 22. Nxg5 Bf5 23. Bf3 Nd7 24. Nce4 h6 25. Ne6 Nxd5 26. N4xc5 N7f6 27. Nd4
Bg4 28. Bg2 Re7 29. h3 Be2 30. Re1 Rae8 31. Kf2 Rc8 32. Rac1 Bb5 33. Rxe7 Nxe7
34. Nxb5 axb5 35. Bxb7 Rf8 36. Kg1 Nfd5 37. a6 Nb6 38. Ne6 Rf6 39. Nd4 b4 40.
Ra1 Rd6 41. Nb5 Rd3 42. a7 Rxg3+ 43. Kh2 Rb3 44. Ra6 Rxb2+ 45. Kg1 Rb1+ 46. Kf2
Rb2+ 47. Ke1 Rb1+ 48. Kd2 Nc4+ 49. Kc2 Rb2+ 50. Kc1 b3 51. a8=Q+ Kh7 52. Nd4
Nf5 53. Be4 1-0

[Event "Elit(Orgryte-Rockaden,Umea)"]
[Site "?"]
[Date "2013.03.16"]
[Round "8"]
[White "Lindgren, Fredrik"]
[Black "Fransson, Percy"]
[Result "1-0"]
[WhiteElo "2239"]
[BlackElo "2210"]
[PlyCount "133"]

1. d4 Nf6 2. Nf3 g6 3. c4 Bg7 4. Nc3 O-O 5. e4 d6 6. Be2 e5 7. Be3 Ng4 8. Bg5
f6 9. Bh4 g5 10. Bg3 Nh6 11. O-O Nc6 12. dxe5 fxe5 13. c5 g4 14. Bc4+ Kh8 15.
Nd2 dxc5 16. Nb3 b6 17. Bd5 Bb7 18. f4 gxf3 19. Rxf3 Qe7 20. Rxf8+ Rxf8 21. Qh5
Nd8 22. Nd2 c6 23. Bb3 Bc8 24. h3 b5 25. Nf3 Nhf7 26. Rf1 c4 27. Bc2 Ne6 28.
Kh1 Nd4 29. Nxe5 Nxe5 30. Rxf8+ Qxf8 31. Bxe5 Nxc2 32. Bxg7+ Kxg7 33. Qe5+ Kg8
34. Qg5+ Kf7 35. e5 h6 36. Qf6+ Kg8 37. Qg6+ Qg7 38. Qxc2 Qxe5 39. Qg6+ Qg7 40.
Qe8+ Qf8 41. Qxc6 Qf1+ 42. Kh2 Qf4+ 43. Kg1 Qc1+ 44. Kf2 Qd2+ 45. Ne2 Bf5 46.
Qa8+ Kh7 47. Qxa7+ Kg8 48. Qb8+ Kh7 49. Qc7+ Kg8 50. Qf4 Qd7 51. Qxh6 Bd3 52.
Qg5+ Kh7 53. Qh4+ Kg8 54. Qd4 Qf5+ 55. Nf4 Be4 56. Ke3 Bc6 57. g4 Qf7 58. Qd8+
Kh7 59. Qh4+ Kg8 60. Qg5+ Kh7 61. Qh5+ Qxh5 62. Nxh5 Kg6 63. Nf4+ Kg5 64. a3
Kh4 65. Kd4 Kg5 66. Nd5 Kh4 67. Kc5 1-0

[Event "Elit(Orgryte-Rockaden,Umea)"]
[Site "?"]
[Date "2013.03.16"]
[Round "8"]
[White "Eksmyr, Johan"]
[Black "Mardell, Jimmy"]
[Result "1-0"]
[WhiteElo "2216"]
[BlackElo "2187"]
[PlyCount "99"]

1. d4 Nf6 2. c4 c5 3. d5 b5 4. cxb5 a6 5. bxa6 g6 6. Nc3 Bxa6 7. g3 d6 8. Bg2
Bg7 9. Nf3 Nbd7 10. Rb1 O-O 11. O-O Nb6 12. b3 Bb7 13. Ne1 Ra6 14. Bb2 Qa8 15.
e4 Rd8 16. f3 Ne8 17. Nc2 Nc7 18. Rf2 e6 19. dxe6 Nxe6 20. Rd2 d5 21. a4 Bh6
22. Rd3 d4 23. Nb5 Nd7 24. Qe1 Ne5 25. Rdd1 Re8 26. Bc1 Bxc1 27. Rbxc1 Qb8 28.
Qf1 Bc6 29. Nca3 Rb6 30. Qf2 Rd8 31. Bf1 Ng5 32. Bg2 Ne6 33. h3 Qb7 34. f4 Nd7
35. Nc4 Bxe4 36. Ncd6 Bxg2 37. Nxb7 Bxb7 38. b4 cxb4 39. Nxd4 Nf6 40. Nxe6
Rxd1+ 41. Rxd1 Rxe6 42. f5 gxf5 43. Qxf5 Be4 44. Qg5+ Bg6 45. Rd8+ Kg7 46. Qc5
Re1+ 47. Kg2 Be4+ 48. Kf2 Rb1 49. Qd4 Bf5 50. g4 1-0

[Event "Elit(Rockaden,Sthlm-LASK)"]
[Site "?"]
[Date "2013.03.16"]
[Round "8"]
[White "Grandelius, Nils"]
[Black "Barkhagen, Jonas"]
[Result "1/2-1/2"]
[WhiteElo "2620"]
[BlackElo "2501"]
[PlyCount "55"]

1. e4 e6 2. d4 d5 3. Nc3 dxe4 4. Nxe4 Bd7 5. Nf3 Bc6 6. Bd3 Nd7 7. O-O Ngf6 8.
Neg5 Bd6 9. Re1 h6 10. Nh3 Bxf3 11. Qxf3 c6 12. Nf4 O-O 13. Nh5 Re8 14. Bd2
Nxh5 15. Qxh5 Bf8 16. Rad1 a5 17. c3 a4 18. Bc2 g6 19. Qh3 h5 20. Qg3 Bg7 21.
Bg5 Qb6 22. b4 axb3 23. Bxb3 Qa6 24. h3 b5 25. Qf3 Qb7 26. c4 bxc4 27. Bxc4 Nb6
28. Bb3 1/2-1/2

[Event "Elit(Rockaden,Sthlm-LASK)"]
[Site "?"]
[Date "2013.03.16"]
[Round "8"]
[White "Blomqvist, Erik"]
[Black "Tikkanen, Hans"]
[Result "1-0"]
[WhiteElo "2564"]
[BlackElo "2642"]
[PlyCount "53"]

1. d4 d5 2. c4 c6 3. cxd5 cxd5 4. Bf4 e6 5. Nc3 Qb6 6. Qc2 Nc6 7. e3 Bd7 8. a3
Rc8 9. Bd3 Nf6 10. Nf3 Na5 11. O-O Nc4 12. Bxc4 Rxc4 13. Ne5 Rc8 14. Rfc1 Be7
15. Bg5 Bd6 16. Bxf6 gxf6 17. Nxd7 Kxd7 18. Nxd5 Bxh2+ 19. Kh1 Qb5 20. Nxf6+
Ke7 21. Qe4 Bd6 22. Qh4 Rxc1+ 23. Rxc1 Kd8 24. Ne4+ Be7 25. Qf4 e5 26. Qf5 Qxb2
27. Rc8# 1-0

[Event "Elit(Rockaden,Sthlm-LASK)"]
[Site "?"]
[Date "2013.03.16"]
[Round "8"]
[White "Wiedenkeller, Michael"]
[Black "Semcesen, Daniel"]
[Result "1/2-1/2"]
[WhiteElo "2530"]
[BlackElo "2539"]
[PlyCount "47"]

1. d4 d5 2. c4 c6 3. Nf3 Nf6 4. e3 Bg4 5. Nc3 e6 6. h3 Bh5 7. g4 Bg6 8. Ne5
Nbd7 9. h4 dxc4 10. Nxg6 hxg6 11. g5 Nd5 12. Bxc4 N7b6 13. Be2 Nxc3 14. bxc3
Qd5 15. Bf3 Qc4 16. Qb3 O-O-O 17. Bd2 Be7 18. O-O-O Rh7 19. Qxc4 Nxc4 20. Rdg1
Rdh8 21. Rg4 Kd7 22. Be2 Nxd2 23. Kxd2 Bd6 24. Bf3 1/2-1/2

[Event "Elit(Rockaden,Sthlm-LASK)"]
[Site "?"]
[Date "2013.03.16"]
[Round "8"]
[White "Hillarp Persson, Tiger"]
[Black "Engqvist, Thomas"]
[Result "1/2-1/2"]
[WhiteElo "2575"]
[BlackElo "2433"]
[PlyCount "108"]

1. e4 e5 2. Nf3 Nc6 3. Bc4 Bc5 4. c3 Nf6 5. d3 a6 6. O-O Ba7 7. Bb3 O-O 8. Bg5
h6 9. Bh4 d6 10. Nbd2 Be6 11. Re1 Bxb3 12. axb3 Qe7 13. Nf1 Nb8 14. d4 Nbd7 15.
Ne3 Qe6 16. Nf5 Kh7 17. d5 Qe8 18. Qc2 g6 19. Ne3 Kg7 20. Nd2 Ng8 21. Ndf1 f6
22. g4 Ne7 23. Kg2 Rh8 24. h3 Qf7 25. Bg3 f5 26. exf5 gxf5 27. Nxf5+ Nxf5 28.
Qxf5 Qxd5+ 29. Kg1 Qf7 30. Qxf7+ Kxf7 31. b4 h5 32. Kg2 Nf6 33. f3 e4 34. fxe4
hxg4 35. h4 Rae8 36. Nd2 Rh5 37. Ra5 Kg6 38. e5 dxe5 39. Raxe5 Rexe5 40. Rxe5
Rxe5 41. Bxe5 Nd5 42. Nb3 Kh5 43. Kg3 Be3 44. Nc5 Bxc5 45. bxc5 c6 46. Bd4 Ne7
47. Bf2 Ng6 48. b4 Ne5 49. Bd4 Nd3 50. Be3 Nb2 51. Bf2 Nd3 52. Be3 Ne5 53. Bd4
Nc4 54. Bf2 Ne5 1/2-1/2

[Event "Elit(Rockaden,Sthlm-LASK)"]
[Site "?"]
[Date "2013.03.16"]
[Round "8"]
[White "Lokander, Martin"]
[Black "Nilsson, Sebastian"]
[Result "0-1"]
[WhiteElo "2281"]
[BlackElo "2370"]
[PlyCount "74"]

1. e4 c5 2. Nc3 a6 3. f4 Nc6 4. g3 g6 5. Bg2 Bg7 6. d3 d6 7. Nf3 e6 8. Be3 Nge7
9. O-O O-O 10. Qd2 Qc7 11. Rae1 Rb8 12. e5 dxe5 13. fxe5 Nxe5 14. Nxe5 Bxe5 15.
Ne4 b6 16. Bh6 Rd8 17. Qg5 f5 18. Nf6+ Kf7 19. Ng4 Bd4+ 20. Kh1 Ng8 21. c3 Bg7
22. Bxg7 Kxg7 23. Ne5 Bb7 24. h4 Bxg2+ 25. Kxg2 Rd5 26. Qf4 Qd6 27. h5 Nf6 28.
hxg6 hxg6 29. Rh1 Ng4 30. Nxg4 Qxf4 31. gxf4 fxg4 32. Re3 Rbd8 33. Rd1 Kf6 34.
Kg3 Kf5 35. a4 b5 36. axb5 axb5 37. b3 Rh8 0-1

[Event "Elit(Burgsvik-Eksjo)"]
[Site "?"]
[Date "2013.03.16"]
[Round "8"]
[White "Andersson, Tommy"]
[Black "Gdanski, Jacek"]
[Result "1-0"]
[WhiteElo "2385"]
[BlackElo "2588"]
[PlyCount "197"]

1. d4 Nf6 2. c4 c5 3. d5 g6 4. Nc3 d6 5. e4 Bg7 6. f3 O-O 7. Be3 e6 8. Nge2
exd5 9. cxd5 a6 10. a4 Nbd7 11. Ng3 Rb8 12. Be2 Ne8 13. O-O Nc7 14. a5 b5 15.
axb6 Rxb6 16. Qd2 Rb4 17. f4 Nb5 18. Bxb5 axb5 19. Qc2 Nb6 20. Ra2 Re8 21. Bf2
Rc4 22. Qd3 Bd7 23. Nd1 Rb4 24. Qc2 Rc4 25. Qd3 Rb4 26. Re1 c4 27. Qd2 Rb3 28.
Re3 Rxe3 29. Bxe3 Na4 30. Qb4 Qb8 31. Ne2 Bg4 32. Nec3 Bxd1 33. Nxd1 Nc5 34.
Ra5 Nxe4 35. Rxb5 Qc8 36. h3 Bf8 37. Rb6 Ng3 38. Rc6 Qf5 39. Qxc4 Re4 40. Qd3
Re5 41. Qb3 Rxd5 42. Nf2 h5 43. Rc2 Bg7 44. Qc4 Kh7 45. b4 Rb5 46. Rd2 Rb7 47.
Rxd6 Re7 48. Qd3 Rb7 49. Bd2 Bf8 50. Rd8 Be7 51. Rd5 Qxd3 52. Nxd3 Ne4 53. Be1
f5 54. Kf1 Kg7 55. Ke2 Kf7 56. Ra5 Bd6 57. Ne5+ Bxe5 58. Rxe5 Rc7 59. g4 hxg4
60. hxg4 Nd6 61. gxf5 gxf5 62. Kd3 Rc1 63. Bf2 Rd1+ 64. Ke2 Rb1 65. Bc5 Ne4 66.
Rxf5+ Kg6 67. Re5 Nxc5 68. bxc5 Rb4 69. Kf3 Rc4 70. Kg4 Kf6 71. Rf5+ Kg6 72.
Rd5 Kf6 73. Kf3 Ke6 74. Rh5 Rc3+ 75. Ke4 Rc4+ 76. Ke3 Ke7 77. Rh7+ Kd8 78. Rh5
Ke7 79. Rg5 Kf6 80. Re5 Kf7 81. f5 Kf6 82. Rd5 Rc3+ 83. Kd4 Rc1 84. Rd6+ Kxf5
85. Kd5 Rd1+ 86. Kc6 Rc1 87. Rd2 Ke6 88. Re2+ Kf7 89. Kd6 Rd1+ 90. Kc7 Rc1 91.
c6 Rc3 92. Kd7 Rd3+ 93. Kc8 Rc3 94. c7 Rb3 95. Re4 Rb1 96. Kd7 Rd1+ 97. Kc6
Rc1+ 98. Kd6 Rc2 99. Re5 1-0

[Event "Elit(Burgsvik-Eksjo)"]
[Site "?"]
[Date "2013.03.16"]
[Round "8"]
[White "Bejtovic, Jasmin"]
[Black "Fries Nielsen, Niels J"]
[Result "0-1"]
[WhiteElo "2469"]
[BlackElo "2398"]
[PlyCount "118"]

1. c4 Nf6 2. g3 c6 3. Bg2 d6 4. Nc3 e5 5. Nf3 Be7 6. O-O O-O 7. d4 Nbd7 8. b3
Re8 9. e3 a6 10. Bb2 Rb8 11. c5 Qc7 12. cxd6 Bxd6 13. Rc1 exd4 14. Nxd4 Nc5 15.
Qc2 Bf8 16. Nce2 Nce4 17. f3 Nd6 18. Qd2 Qe7 19. e4 Nb5 20. Nc2 Be6 21. a4 Nc7
22. Ned4 c5 23. Nxe6 Qxe6 24. Qc3 b5 25. a5 b4 26. Qc4 Qxc4 27. bxc4 Bd6 28.
Ne3 Be5 29. Bxe5 Rxe5 30. Rfd1 Ne6 31. Rd6 Nd4 32. Kf2 Re6 33. Rxe6 fxe6 34. e5
Nd7 35. f4 Rf8 36. Bb7 Nxe5 37. Kg2 Nec6 38. Ra1 Rb8 39. Bxa6 b3 40. Bb5 Nxa5
41. Nd1 Nc2 42. Rxa5 Ne3+ 43. Nxe3 b2 44. Ra2 b1=Q 45. Re2 Qd3 46. Kf2 g5 47.
f5 g4 48. Bc6 Rf8 49. Ra2 exf5 50. Bd5+ Kh8 51. Ng2 Qd4+ 52. Kf1 Rb8 53. Re2
Rb1+ 54. Ne1 Rb2 55. Re8+ Kg7 56. Re7+ Kf6 57. Re6+ Kg5 58. Re2 Rxe2 59. Kxe2
Qb2+ 0-1

[Event "Elit(Burgsvik-Eksjo)"]
[Site "?"]
[Date "2013.03.16"]
[Round "8"]
[White "Krupenski, Juri"]
[Black "Vernersson, Per"]
[Result "1-0"]
[WhiteElo "2317"]
[BlackElo "2421"]
[PlyCount "73"]

1. d4 d5 2. c4 dxc4 3. Nf3 Nf6 4. e3 e6 5. Bxc4 c5 6. O-O a6 7. a4 Nc6 8. Qe2
Qc7 9. Rd1 Bd6 10. dxc5 Bxc5 11. Nbd2 O-O 12. b3 e5 13. Bd3 Nb4 14. Bb2 Re8 15.
Ne4 Nxe4 16. Bxe4 f6 17. Rac1 Be6 18. Nd2 Rac8 19. Qh5 g6 20. Qf3 f5 21. Qg3
Bd7 22. Bb1 b6 23. Nc4 Nc6 24. h4 a5 25. h5 Kf7 26. Qh2 g5 27. h6 Kg6 28. g4
Kf6 29. f4 Ke7 30. fxe5 f4 31. Qh5 Rg8 32. Bxh7 Be8 33. Qh3 Rh8 34. Bf5 fxe3
35. Nxe3 Rd8 36. Kf1 Nd4 37. Bxd4 1-0

[Event "Elit(Burgsvik-Eksjo)"]
[Site "?"]
[Date "2013.03.16"]
[Round "8"]
[White "Krantz, Christopher"]
[Black "Fraenkel, Mikael"]
[Result "1/2-1/2"]
[WhiteElo "2334"]
[BlackElo "2040"]
[PlyCount "90"]

1. d4 d5 2. Nf3 e6 3. c4 Nf6 4. Nc3 Be7 5. Bf4 O-O 6. Rc1 a6 7. cxd5 exd5 8. e3
b6 9. Bd3 c5 10. Ne5 Bb7 11. O-O Nbd7 12. Qf3 b5 13. Qh3 g6 14. a3 Re8 15. Rfe1
Rc8 16. Bb1 Nf8 17. dxc5 Bxc5 18. Ba2 Ne6 19. Bg3 b4 20. axb4 Bxb4 21. Bh4 Be7
22. Nf3 Qa5 23. Nd4 Nc5 24. Nb3 Qb4 25. Nxc5 Rxc5 26. Rb1 Bc8 27. Qg3 Nh5 28.
Bxe7 Nxg3 29. Bxc5 Qxc5 30. hxg3 Be6 31. Red1 Rb8 32. Nxd5 Kg7 33. Nc3 Bxa2 34.
Nxa2 Qc2 35. Rdc1 Qe2 36. Nc3 Qc4 37. Rc2 a5 38. Ra1 Qb4 39. Rd2 Ra8 40. Ra4
Qb3 41. Ra3 Qb7 42. Ra2 Qb3 43. Ra3 Qb4 44. Ra4 Qc5 45. Rd5 Qb6 1/2-1/2

[Event "Elit(Burgsvik-Eksjo)"]
[Site "?"]
[Date "2013.03.16"]
[Round "8"]
[White "Akerman, Axel"]
[Black "Malesevic, Nedeljko"]
[Result "0-1"]
[WhiteElo "2127"]
[BlackElo "2341"]
[PlyCount "78"]

1. e4 c6 2. d4 d5 3. e5 Bf5 4. Nf3 e6 5. Be2 c5 6. Be3 Qb6 7. Nc3 Nc6 8. O-O c4
9. b3 Qa5 10. Na4 b5 11. Nc5 Qc3 12. Rc1 Bxc5 13. dxc5 Nge7 14. Nd4 Rb8 15. a4
a6 16. Bg4 Bxg4 17. Qxg4 h5 18. Qd1 bxa4 19. bxa4 Qa5 20. c3 Rb2 21. f4 g6 22.
Rc2 Rb7 23. Rc1 Kd7 24. Qc2 Rhb8 25. Rb1 Nxd4 26. Bxd4 Rb3 27. Qa2 Nf5 28. Rxb3
cxb3 29. Qa3 Kc6 30. Qb2 Qxa4 31. Ra1 Qc4 32. Bf2 Qb5 33. h3 h4 34. Ra3 a5 35.
Ra1 a4 36. Ra3 Qc4 37. Be1 Qxf4 38. Bd2 Qc4 39. Bc1 Ng3 0-1

[Event "Elit(Team Viking-Limhamn)"]
[Site "?"]
[Date "2013.03.16"]
[Round "8"]
[White "Hector, Jonny"]
[Black "Shimanov, Alexandr"]
[Result "0-1"]
[WhiteElo "2588"]
[BlackElo "2678"]
[PlyCount "64"]

1. e4 c6 2. d4 d5 3. f3 e6 4. Nc3 Bb4 5. Bd2 Ne7 6. a3 Ba5 7. Bd3 Bb6 8. Nge2
Nd7 9. Bf4 c5 10. dxc5 Nxc5 11. Bb5+ Bd7 12. b4 Na6 13. Qd3 O-O 14. Rd1 Bxb5
15. Nxb5 Ng6 16. exd5 exd5 17. Bd6 Re8 18. Qxd5 Qf6 19. Kf1 Rad8 20. Nec3 Nh4
21. Ne4 Qg6 22. Rd2 Nf5 23. Ke1 Nc7 24. Nxc7 Bxc7 25. Qxb7 Bxd6 26. Qxa7 Bf4
27. Rxd8 Rxd8 28. g3 Be3 29. Qc7 Bb6 30. Qc3 Qe6 31. g4 Ne3 32. Ke2 Rc8 0-1

[Event "Elit(Team Viking-Limhamn)"]
[Site "?"]
[Date "2013.03.16"]
[Round "8"]
[White "Jepson, Christian"]
[Black "Agrest, Evgenij"]
[Result "0-1"]
[WhiteElo "2472"]
[BlackElo "2690"]
[PlyCount "77"]

1. d4 d5 2. c4 c6 3. Nf3 Nf6 4. Nc3 e6 5. Bg5 Nbd7 6. e3 Qa5 7. Nd2 dxc4 8.
Bxf6 Nxf6 9. Nxc4 Qc7 10. Be2 Be7 11. Rc1 O-O 12. O-O Rd8 13. Qb3 Bd7 14. Rfd1
Be8 15. Bf3 Rac8 16. h3 Qb8 17. Ne4 Nd5 18. a3 b6 19. Nc3 Nxc3 20. Rxc3 c5 21.
a4 Bf6 22. Na3 cxd4 23. exd4 Rxd4 24. Rxc8 Qxc8 25. Nb5 Rxd1+ 26. Qxd1 Qd7 27.
b3 Qxd1+ 28. Bxd1 a5 29. Bf3 Kf8 30. Kf1 Be7 31. Ke2 Bc5 32. Bb7 Ke7 33. f3 Kf6
34. Nc3 Ke5 35. Kd3 g5 36. Nb5 f6 37. Be4 h5 38. Nc7 Bd7 39. Nb5 0-1

[Event "Elit(Team Viking-Limhamn)"]
[Site "?"]
[Date "2013.03.16"]
[Round "8"]
[White "Carlsson, Pontus"]
[Black "Brynell, Stellan"]
[Result "1/2-1/2"]
[WhiteElo "2634"]
[BlackElo "2542"]
[PlyCount "81"]

1. e4 e6 2. d4 d5 3. Nd2 c5 4. exd5 exd5 5. Bb5+ Bd7 6. Bxd7+ Nxd7 7. Ne2 Ngf6
8. O-O Be7 9. dxc5 Nxc5 10. Nd4 Qd7 11. N2b3 Nce4 12. f3 Nd6 13. Nc5 Qc8 14.
Nd3 O-O 15. b3 Nf5 16. Nxf5 Qxf5 17. Be3 Rfe8 18. Qd2 a6 19. Rae1 Rac8 20. Re2
Bf8 21. Rfe1 h6 22. a4 Bd6 23. Bf4 Rxe2 24. Rxe2 Bxf4 25. Qxf4 Qd7 26. Qd4 Qc7
27. g3 Qd7 28. Kg2 Re8 29. Rxe8+ Qxe8 30. Kf2 Qe6 31. Qb4 Qh3 32. Kg1 Qf5 33.
Kg2 Qc8 34. Qc5 Qe6 35. a5 g5 36. g4 Qe2+ 37. Nf2 Qd2 38. c3 Kg7 39. Qd4 Qxd4
40. cxd4 Nd7 41. Nd3 1/2-1/2